| 000 | 00498nam a2200181Ia 4500 | ||
|---|---|---|---|
| 003 | GCL | ||
| 008 | 140319s9999 xx 000 0 eng d | ||
| 040 |
_aGCL / _cGCL |
||
| 082 | 0 | 4 |
_a304.2 _bB H |
| 100 | 1 | _aBERGMAN, EDWARD | |
| 245 | 1 | 0 |
_aHUMAN GEOGRAPHY: CULTURES CONNECTIONS AND LANDSCAPES / _cBERGMAN, EDWARD |
| 260 |
_a[S.N] : _bPRENTICE HALL ، _c1995 |
||
| 300 | _a532 P | ||
| 650 | 0 | 4 | _aHUMAN GEOGRAPHY |
| 650 | 0 | 4 | _aCULTUREAL GEOGRAPHY |
| 650 | 0 | 4 | _aHUMAN ENVIRONMENT |
| 942 |
_2ddc _cBK |
||
| 999 |
_c10503 _d10503 |
||